00787nam a22001937a 4500003000900000008004100009040007100050082002500121100002200146245003300168260003900201300004900240505022000289650001400509650001500523650001100538650002000549700002400569AR-CdUCM190311b ||||| |||| 00| 0 spa d aMUNICIPALIDAD PROVINCIAL DEL CUSCOcBIBLIOTECA MUNICIPAL DEL CUSCO 22ed.a985.031 /bL27 aLastres, Juan B.  aLope de Aguirre, El Rebelde  aBuenos Aires :bEl Ateneo ;c1942. a140 páginas ;bMapas, Ilustraciones c21cm aContenido: Verdad y leyenda sobre un hecho histórico -- El Dorado, la selva amazónica y la expedición de Ursúa -- En torno a la tragedia -- Lope de Aguirre -- Aguirre frente al psicólogo -- Epistolario...  aHistoria  aVirreinato aPerú aRío Amazonas  aSeguin, C. Alberto